000 00363nam a2200157Ia 4500
008 230917s9999||||xx |||||||||||||| ||und||
020 _cRS5
040 _e40654
_aMAIN
041 _aEnglish
082 _a823.7 M541S:M
100 _aMeredith, George
245 0 _aSiegfried Sassoon
260 _aLondon
_bArrow Books
_c1959
300 _a319 p.
942 _cBK
999 _c187908
_d187908